[Event "R1 - Tournefeuille / Tarbes"]
[Site "Tournefeuille"]
[Date "2007.01.21"]
[Round "4"]
[White "Bildstein, Gerard"]
[Black "Garrel, Pascal"]
[Result "0-1"]
[WhiteElo "1740"]
[BlackElo "1693"]
[EventDate "2007.??.??"]
[PlyCount "80"]

1.d4 d6 2.e4 Nf6 3.Nc3 Nbd7 4.f4 e5 5.fxe5 dxe5 6.dxe5 Nxe5 7.Qxd8+ Kxd8 
8.Bf4 Bd6 9.Rd1 Ke7 10.g3 Bg4 11.Be2 Rhd8 12.Bxg4 Nexg4 13.Bxd6+ Rxd6 14.
Rxd6 Kxd6 15.Ke2 Re8 16.Kf3 Ne5+ 17.Kf4 h6 18.Nge2 g5+ 19.Kf5 Neg4 20.Rd1+
Ke7 21.h3 Ne3+ 22.Ke5 Nxd1 23.Nxd1 Nd7+ 24.Kf5 Kd6 25.Ndc3 Re5+ 26.Kg4 Nc5
27.Kf3 f5 28.exf5 Rxf5+ 29.Kg2 Ke5 30.Nb5 Ne4 31.Nec3 Rf2+ 32.Kg1 Rxc2 33.
Nxc7 Nxc3 34.bxc3 Rxc3 35.Nb5 Rxg3+ 36.Kh2 Rd3 37.Nxa7 Rd2+ 38.Kg3 Rxa2 
39.Nb5 Ra5 40.Nc7 b5 0-1

[Event "R1 - Lardenne - Auch"]
[Site "Lardenne"]
[Date "2007.01.21"]
[Round "4"]
[White "Rouede, Gilbert"]
[Black "Reynes, Philippe"]
[Result "1-0"]
[WhiteElo "1820"]
[BlackElo "1770"]
[EventDate "2007.??.??"]
[PlyCount "87"]

1.e4 d5 2.exd5 Qxd5 3.Nc3 Qd8 4.d4 Nf6 5.Nf3 Bg4 6.Be2 e6 7.O-O Be7 8.h3 
Bh5 9.Be3 c6 10.Qd2 Nbd7 11.Rfe1 O-O 12.Bf4 Re8 13.Rad1 Bb4 14.Qc1 Bxc3 
15.bxc3 Qa5 16.Qb2 Nd5 17.Bd2 Qc7 18.c4 N5f6 19.Rb1 b6 20.Qc1 Qb7 21.Bf4 
Rac8 22.c5 Nd5 23.Bd2 Qa8 24.c4 N5f6 25.cxb6 axb6 26.Qb2 Bg6 27.Ne5 Bxb1 
28.Rxb1 Nxe5 29.dxe5 Nd7 30.Bf3 Qa4 31.Rc1 c5 32.Bf4 Rc7 33.Rc3 Qa7 34.Ra3
Qb8 35.Rd3 Qa7 36.Ra3 Qb8 37.Qb5 Ra7 38.Rd3 Rd8 39.Rd6 Nf8 40.Rxb6 Qc7 41.
a4 Ng6 42.Bg5 Rf8 43.Rc6 Qxe5 44.Rxc5 1-0

[Event "R1 - Lardenne - Auch"]
[Site "Lardenne"]
[Date "2007.01.21"]
[Round "4"]
[White "Parpinel, Mario"]
[Black "Join, Etienne"]
[Result "0-1"]
[WhiteElo "1840"]
[BlackElo "1780"]
[EventDate "2007.??.??"]
[PlyCount "54"]

1.e4 e6 2.d4 d5 3.Nc3 c5 4.Bb5+ Bd7 5.exd5 Bxb5 6.Nxb5 a6 7.Nc3 exd5 8.
dxc5 d4 9.Qe2+ Qe7 10.Ne4 Qe6 11.b4 Nc6 12.Nf3 O-O-O 13.a3 Re8 14.Nd6+ 
Bxd6 15.Qxe6+ Rxe6+ 16.Kd1 Bc7 17.Bb2 Nf6 18.Ng5 Re7 19.f3 Rhe8 20.g3 h6 
21.Nh3 Nd5 22.Ng1 Nc3+ 23.Kd2 Re3 24.Rf1 Ne5 25.Bxc3 Nc4+ 26.Kd1 dxc3 27.
Nh3 Re2 0-1

[Event "R1 - Lardenne - Auch"]
[Site "Lardenne"]
[Date "2007.01.21"]
[Round "4"]
[White "Foing, Marc"]
[Black "Solirene, Christophe"]
[Result "0-1"]
[WhiteElo "1360"]
[BlackElo "1499"]
[EventDate "2007.??.??"]
[PlyCount "102"]

1.d4 Nf6 2.c4 e6 3.Nc3 d5 4.Nf3 c5 5.Bg5 cxd4 6.Nxd4 Be7 7.e3 O-O 8.Bd3 h6
9.Bf4 a6 10.O-O Bd6 11.Bxd6 Qxd6 12.cxd5 Nxd5 13.Nxd5 Qxd5 14.Bc2 Nd7 15.
Bb3 Qa5 16.Nxe6 fxe6 17.Bxe6+ Kh8 18.Bxd7 Rd8 19.Qa4 Qxa4 20.Bxa4 Bf5 21.
f3 b5 22.Bb3 Rd2 23.e4 Bg6 24.Rf2 Rad8 25.Rxd2 Rxd2 26.Rd1 Rxd1+ 27.Bxd1 
Bf7 28.Bb3 Be8 29.Bd5 a5 30.Kf2 g5 31.Ke3 Kg7 32.Kd4 Kf6 33.g3 b4 34.h4 
gxh4 35.gxh4 Kg6 36.f4 Kh5 37.f5 Kxh4 38.e5 Kg5 39.f6 Kg6 40.Ke4 h5 41.Kf4
a4 42.Be4+ Kf7 43.Bf5 a3 44.b3 Bc6 45.Kg5 Bd5 46.Kxh5 Bxb3 47.Bg6+ Ke6 48.
f7 Ke7 49.Kg5 Bxa2 50.Kh6 Bxf7 51.Bf5 a2 0-1

[Event "R1 - Lardenne - Auch"]
[Site "Lardenne"]
[Date "2007.01.21"]
[Round "4"]
[White "Chassy, Philippe"]
[Black "Devecchi, Jorge"]
[Result "1-0"]
[WhiteElo "2176"]
[BlackElo "1890"]
[EventDate "2007.??.??"]
[PlyCount "41"]

1.Nf3 f5 2.c4 Nf6 3.Nc3 e6 4.g3 Be7 5.Bg2 O-O 6.O-O d6 7.b3 Na6 8.Ba3 c5 
9.d4 Ng4 10.Bb2 Bd7 11.a3 Bf6 12.e4 cxd4 13.Nxd4 Nc5 14.exf5 Nxf2 15.Rxf2 
Bxd4 16.Qxd4 Nxb3 17.Qxd6 Nxa1 18.Bxa1 Rxf5 19.Rxf5 exf5 20.Nd5 Kf7 21.Nc7
1-0

[Event "R1 - Lardenne - Auch"]
[Site "Lardenne"]
[Date "2007.01.21"]
[Round "4"]
[White "Bougouin, Blaise"]
[Black "Crespin, Philippe"]
[Result "0-1"]
[WhiteElo "1530"]
[BlackElo "1460"]
[EventDate "2007.??.??"]
[PlyCount "122"]

1.e4 e5 2.Nf3 Nc6 3.Bc4 Bc5 4.O-O Nf6 5.d3 O-O 6.Bg5 h6 7.Bh4 d6 8.a3 Bg4 
9.Nbd2 Nd4 10.c3 Nxf3+ 11.Nxf3 Qe7 12.Kh1 g5 13.Bg3 Rad8 14.Qc1 Bxf3 15.
gxf3 Kh7 16.h4 Rg8 17.hxg5 Rxg5 18.Kg2 Rdg8 19.Rh1 R8g6 20.Qd2 Nh5 21.Rxh5
Rxh5 22.d4 exd4 23.cxd4 Bb6 24.Rh1 Rxh1 25.Kxh1 Rg5 26.Qd3 Kg7 27.Kg1 Qf6 
28.e5 dxe5 29.Kf1 Bxd4 30.Bh4 Rg1+ 31.Kxg1 Qxh4 32.Qe2 Qg5+ 33.Kh2 Qh4+ 
34.Kg2 Qg5+ 35.Kh2 Qf4+ 36.Kg2 Qg5+ 37.Kh2 Qh4+ 38.Kg2 f6 39.Be6 Qg5+ 40.
Kh2 b6 41.Qc2 Qf4+ 42.Kg2 c5 43.b4 h5 44.bxc5 bxc5 45.Qb1 Qg5+ 46.Kf1 Kh6 
47.Qb8 Qg7 48.Qe8 Kg5 49.f4+ exf4 50.Qd8 Kh4 51.Qd5 Be5 52.Qxc5 Kg5 53.f3 
Kh6 54.a4 h4 55.Bg4 Kg5 56.Qc2 Kh6 57.Qc8 Qh7 58.Qf8+ Kg5 59.Qe8 h3 60.
Qh5+ Qxh5 61.Bxh5 Kxh5 0-1

[Event "R1 - Foix2 - Colomiers2"]
[Site "Foix"]
[Date "2007.01.21"]
[Round "4"]
[White "Verwaerde, Jolanthe"]
[Black "Artis, François"]
[Result "0-1"]
[WhiteElo "1410"]
[BlackElo "1900"]
[EventDate "2007.??.??"]
[PlyCount "62"]

1.e4 e5 2.Nf3 Nf6 3.Bc4 Nc6 4.Nc3 Be7 5.d3 O-O 6.O-O d6 7.Be3 Na5 8.Bb3 
Nxb3 9.axb3 b6 10.Re1 c6 11.Qe2 Qc7 12.d4 Bg4 13.dxe5 dxe5 14.Red1 Nd7 15.
h3 Bh5 16.g4 Bg6 17.Bg5 f6 18.Bh4 Bf7 19.Bg3 Nc5 20.b4 Ne6 21.b5 Bb4 22.g5
Bxc3 23.bxc3 cxb5 24.Qxb5 Rfd8 25.gxf6 gxf6 26.Bh4 Qxc3 27.Qe2 Bh5 28.Bxf6
Bxf3 29.Rxd8+ Rxd8 30.Qe1 Qxa1 31.Qxa1 Rd1+ 0-1

[Event "R1 - Foix2 - Colomiers2"]
[Site "Foix"]
[Date "2007.01.21"]
[Round "4"]
[White "Ranc, Florian"]
[Black "Pintard, Daniel"]
[Result "1-0"]
[WhiteElo "1480"]
[BlackElo "1499"]
[EventDate "2007.??.??"]
[PlyCount "79"]

1.b3 e5 2.Bb2 Nc6 3.e3 d5 4.Bb5 Bd6 5.Ne2 Nf6 6.O-O O-O 7.Bxc6 bxc6 8.d3 
Bg4 9.Nd2 Re8 10.Kh1 c5 11.f3 Be6 12.f4 Bg4 13.fxe5 Bxe5 14.Bxe5 Rxe5 15.
e4 dxe4 16.Rf2 exd3 17.cxd3 Qxd3 18.Nf4 Bxd1 19.Nxd3 Rd5 20.Nf4 Ng4 21.
Nxd5 Nxf2+ 22.Kg1 Bxb3 23.axb3 Rd8 24.Rxa7 Ng4 25.Nxc7 g6 26.h3 Rxd2 27.
hxg4 Rd7 28.Kf2 Kg7 29.Ne6+ fxe6 30.Rxd7+ Kh6 31.Rc7 g5 32.Rxc5 Kg6 33.b4 
h5 34.gxh5+ Kxh5 35.b5 Kh4 36.b6 g4 37.g3+ Kh3 38.b7 e5 39.Rxe5 Kh2 40.
Rh5# 1-0

[Event "R1 - Foix2 - Colomiers2"]
[Site "Foix"]
[Date "2007.01.21"]
[Round "4"]
[White "Fonteny, Matthieu"]
[Black "Maraval, Yves"]
[Result "1-0"]
[WhiteElo "1360"]
[BlackElo "1510"]
[EventDate "2007.??.??"]
[PlyCount "47"]

1.e4 e6 2.d4 d5 3.Nc3 Nf6 4.f3 c5 5.Be3 c4 6.e5 Nfd7 7.f4 Bb4 8.Ne2 O-O 9.
a3 Bxc3+ 10.Nxc3 Nb6 11.Be2 f6 12.O-O Nc6 13.b3 Ne7 14.Bg4 f5 15.Bh3 a6 
16.g4 Ng6 17.gxf5 exf5 18.a4 Be6 19.a5 Nc8 20.bxc4 dxc4 21.d5 Bf7 22.Bxf5 
Bxd5 23.Nxd5 Rxf5 24.Nf6+ 1-0

[Event "R1 - Foix2 - Colomiers2"]
[Site "Foix"]
[Date "2007.01.21"]
[Round "4"]
[White "David, Philippe"]
[Black "Casella, Laurent"]
[Result "0-1"]
[WhiteElo "1700"]
[BlackElo "2035"]
[EventDate "2007.??.??"]
[PlyCount "48"]

1.Nh3 b6 2.d3 e5 3.g3 d5 4.Bg2 Bb7 5.O-O Nf6 6.f4 Bd6 7.f5 c5 8.Nf2 Qc7 9.
e4 dxe4 10.dxe4 Nc6 11.c3 O-O-O 12.a4 g6 13.Bg5 Be7 14.Qb3 Ne8 15.Bxe7 
Qxe7 16.Qc2 gxf5 17.Bh3 Kb8 18.a5 Nxa5 19.Na3 f4 20.Qa4 fxg3 21.Nb5 Qg5 
22.Ng4 gxh2+ 23.Kh1 f5 24.Rxf5 Qxf5 0-1

[Event "R1 - Foix2 - Colomiers2"]
[Site "Foix"]
[Date "2007.01.21"]
[Round "4"]
[White "Blesing, Alicia"]
[Black "Verwaerde, Hervé"]
[Result "1-0"]
[WhiteElo "1800"]
[BlackElo "1650"]
[EventDate "2007.??.??"]
[PlyCount "43"]

1.e4 d5 2.exd5 Nf6 3.d4 Nxd5 4.c4 Nf6 5.Nf3 Bg4 6.Be2 e6 7.h3 Bh5 8.Nc3 c5
9.Bf4 cxd4 10.Qa4+ Qd7 11.Nb5 Na6 12.O-O Be7 13.Ne5 Nc5 14.Nxd7 Nxa4 15.
Nxf6+ Bxf6 16.Bxh5 O-O 17.b3 Nc5 18.Bd6 Rfc8 19.Rad1 Ne4 20.Bf3 Nxd6 21.
Nxd6 Rd8 22.Nxb7 1-0

[Event "R1 - Foix2 - Colomiers2"]
[Site "Foix"]
[Date "2007.01.21"]
[Round "4"]
[White "Amblard, Philippe"]
[Black "Pyronnet, Guilhem"]
[Result "1-0"]
[WhiteElo "1450"]
[BlackElo "1110"]
[EventDate "2007.??.??"]
[PlyCount "63"]

1.e4 e5 2.Nf3 Nc6 3.d4 Nxd4 4.Nxd4 Nf6 5.Nf3 Bc5 6.Bg5 d6 7.Nc3 Be6 8.Na4 
b6 9.Nxc5 bxc5 10.Bxf6 Qxf6 11.Bb5+ Bd7 12.Bxd7+ Kxd7 13.b3 Qg6 14.Nxe5+ 
Kd8 15.Nxg6 hxg6 16.Qd5 Ke7 17.O-O-O Rae8 18.Rd3 Kd7 19.Qxf7+ Re7 20.Qd5 
Re5 21.Qxe5 Kc6 22.Qd5+ Kd7 23.Qxc5 Re8 24.e5 Re6 25.Rhd1 Ke7 26.exd6+ 
cxd6 27.Rxd6 Rxd6 28.Rxd6 Kf7 29.Qc7+ Kg8 30.Rxg6 Kf8 31.Rxg7 Ke8 32.Rg8# 
1-0

[Event "R1 - Castres - Muret3"]
[Site "castres"]
[Date "2007.01.21"]
[Round "4"]
[White "Spanoudakis, Serge"]
[Black "Guillet, Yvan"]
[Result "1-0"]
[WhiteElo "1520"]
[BlackElo "1499"]
[EventDate "2007.??.??"]
[PlyCount "137"]

1.d4 d5 2.c4 c6 3.Nc3 e6 4.Nf3 Nf6 5.Bg5 Be7 6.e3 Nbd7 7.cxd5 exd5 8.Bd3 
O-O 9.O-O Re8 10.Qc2 h6 11.Bh4 Bd6 12.Rfc1 Re6 13.Bf5 Re7 14.Rab1 a6 15.b4
Rb8 16.a4 Nf8 17.Bxc8 Rxc8 18.Bxf6 gxf6 19.Qf5 Kg7 20.Nxd5 Re6 21.Nf4 Bxf4
22.Qxf4 Ng6 23.Qg4 Qd5 24.h4 h5 25.Qg3 Rce8 26.b5 cxb5 27.axb5 axb5 28.Rc5
Qe4 29.Rcxb5 R8e7 30.d5 Ra6 31.Nd4 Kh6 32.d6 Rd7 33.Nf5+ Kh7 34.Qf3 Qxf3 
35.gxf3 Ne5 36.Kg2 Ra7 37.e4 Ng6 38.Kg3 Ne5 39.f4 Ng6 40.R1b3 Kg8 41.Rb2 
Ra3+ 42.R2b3 Ra7 43.Rb6 Kf8 44.Ne3 Kg7 45.R3b5 Kh6 46.Nc4 Ra4 47.Rc5 Ra6 
48.Rxa6 bxa6 49.Rc6 Ra7 50.Rc7 Ra8 51.f5 Ne5 52.Nxe5 fxe5 53.Rxf7 a5 54.
Rb7 a4 55.Rb2 a3 56.Ra2 Kg7 57.d7 Kf7 58.d8=Q Rxd8 59.Rxa3 Rd4 60.Kf3 Rc4 
61.Ra7+ Kg8 62.Re7 Rc5 63.Kg3 Rc3+ 64.f3 Rc5 65.f6 Rb5 66.Rg7+ Kf8 67.Rg5 
Kf7 68.Rxh5 Kxf6 69.Rh6+ 1-0

[Event "R1 - Castres - Muret3"]
[Site "castres"]
[Date "2007.01.21"]
[Round "4"]
[White "Sandel, Frédéric"]
[Black "Grimmer, Eric"]
[Result "0-1"]
[WhiteElo "1500"]
[BlackElo "1549"]
[EventDate "2007.??.??"]
[PlyCount "64"]

1.d4 d5 2.Nf3 Bf5 3.e3 Nf6 4.Nbd2 g6 5.c4 e6 6.cxd5 exd5 7.Qb3 b6 8.Bd3 
Ne4 9.O-O Bg7 10.Bc2 O-O 11.Nxe4 dxe4 12.Nd2 Be6 13.Qc3 f5 14.f3 c5 15.
fxe4 cxd4 16.Qd3 Nc6 17.Bb3 Bxb3 18.Qxb3+ Kh8 19.Kh1 fxe4 20.Rxf8+ Qxf8 
21.Qc4 Rc8 22.Nxe4 Nb4 23.Qe2 d3 24.Qd1 Qe7 25.Nf2 Rf8 26.Nxd3 Nxd3 27.
Qxd3 Qf6 28.h3 Rd8 29.Qe2 Qe5 30.Rb1 Qg3 31.b3 Be5 32.Bb2 Qh2# 0-1

[Event "R1 - Castres - Muret3"]
[Site "castres"]
[Date "2007.01.21"]
[Round "4"]
[White "Passorelli, Loic"]
[Black "Buiten, Herman"]
[Result "0-1"]
[WhiteElo "1908"]
[BlackElo "1790"]
[EventDate "2007.??.??"]
[PlyCount "102"]

1.Nf3 d6 2.c4 g6 3.e3 Bg7 4.Be2 Nf6 5.O-O O-O 6.d4 c6 7.b4 b6 8.a4 Bb7 9.
Bb2 Nbd7 10.Nbd2 e6 11.Qc2 a5 12.b5 c5 13.Nb3 Qc7 14.dxc5 Nxc5 15.Nxc5 
Qxc5 16.Ba3 Qc7 17.Rac1 Rfd8 18.Nd2 Rac8 19.Bf3 Bxf3 20.Nxf3 Nd7 21.Bb2 
Bxb2 22.Qxb2 Nc5 23.Qc2 d5 24.Nd4 dxc4 25.Qxc4 Rd7 26.Nc6 h5 27.Rcd1 Kh7 
28.Rd4 Rxd4 29.Qxd4 Qd7 30.Rd1 Qxd4 31.Rxd4 Rc7 32.Nd8 Nxa4 33.g4 Nc3 34.
Rd6 Nxb5 35.Rxb6 Nc3 36.gxh5 gxh5 37.Nc6 a4 38.Ra6 Nd5 39.Kf1 a3 40.Nd4 
Rc1+ 41.Ke2 a2 42.Nb3 Rc2+ 43.Kf3 Rb2 44.Nc1 Nc3 45.Nxa2 Rxa2 46.Rd6 Kg6 
47.Rd8 Kf5 48.Kg2 Ra5 49.Rc8 Nd5 50.Rc2 Ra3 51.Kf3 Nc3 0-1

[Event "R1 - Castres - Muret3"]
[Site "castres"]
[Date "2007.01.21"]
[Round "4"]
[White "Boshetti, Patrick"]
[Black "Andreu, David"]
[Result "0-1"]
[WhiteElo "1499"]
[BlackElo "1440"]
[EventDate "2007.??.??"]
[PlyCount "110"]

1.e4 d6 2.Nf3 Nf6 3.Nc3 e5 4.Bc4 Be7 5.d3 Bg4 6.h3 Bh5 7.Be3 c6 8.Qe2 d5 
9.exd5 cxd5 10.Bb5+ Nbd7 11.g4 d4 12.Bd2 dxc3 13.Bxc3 e4 14.dxe4 Bg6 15.
Bd3 O-O 16.O-O-O Qc7 17.e5 Bxd3 18.Rxd3 Ne8 19.Rhd1 Rd8 20.a3 f6 21.e6 Nc5
22.Rxd8 Bxd8 23.Qc4 Kh8 24.Bb4 b6 25.Bxc5 bxc5 26.Rd7 Nd6 27.Rxc7 Nxc4 28.
Rc8 f5 29.e7 Bxe7 30.Rxf8+ Bxf8 31.gxf5 Nd6 32.Ne5 Nxf5 33.Nd7 Bd6 34.Kb1 
Kg8 35.c4 Kf7 36.b4 cxb4 37.axb4 Ke6 38.Nc5+ Bxc5 39.bxc5 Kd7 40.Kb2 Kc6 
41.Kb3 Kxc5 42.f4 Nd6 43.h4 Nxc4 44.f5 Ne3 45.Ka4 Nxf5 46.Ka5 Nxh4 47.Ka6 
g5 48.Kb7 g4 49.Kc7 g3 50.Kd7 g2 51.Ke6 g1=Q 52.Kf6 Qg6+ 53.Ke7 Nf5+ 54.
Kd7 Qd6+ 55.Ke8 Qe7# 0-1

[Event "NIV_Colomiers/Condom2"]
[Site "COLOMIERS"]
[Date "2007.01.21"]
[Round "4.7"]
[White "Avdagic, Hilmija"]
[Black "Mazauric, Julien"]
[Result "1-0"]
[WhiteElo "1910"]
[BlackElo "1499"]
[EventDate "2007.??.??"]
[PlyCount "143"]

1.d4 b6 2.c4 Bb7 3.Nc3 e6 4.e4 Nf6 5.f3 d5 6.cxd5 exd5 7.e5 Nfd7 8.Be3 c5 
9.Qd2 cxd4 10.Bxd4 Nc6 11.Bb5 Nxd4 12.Qxd4 Bc5 13.Qg4 Qe7 14.O-O-O Be3+ 
15.Kb1 d4 16.Nge2 O-O-O 17.Nxd4 Bxd4 18.Rxd4 Qe6 19.Qxe6 fxe6 20.Rxd7 Rxd7
21.Bxd7+ Kxd7 22.Rd1+ Ke7 23.Kc2 Rf8 24.Re1 g5 25.h3 h5 26.Ne4 g4 27.hxg4 
hxg4 28.fxg4 Rf4 29.Nf6 Bxg2 30.Rd1 Bc6 31.Kd3 a5 32.Rc1 Bb5+ 33.Ke3 Rc4 
34.Rxc4 Bxc4 35.a3 Kf7 36.Kf4 Kg6 37.Ne4 a4 38.Nc3 Bb3 39.Kg3 Bc2 40.Kh4 
Bb3 41.Ne2 Bc4 42.Nf4+ Kg7 43.Kg5 Bb3 44.Ne2 Bc4 45.Nc3 Bb3 46.Nb5 Bc4 47.
Nd6 Bd3 48.Nc8 b5 49.Kf4 Kg6 50.Ne7+ Kg7 51.Nc6 Kg6 52.Nd4 Bc4 53.g5 Kg7 
54.Nf3 Bd3 55.Ke3 Bc4 56.Nd2 Bd5 57.Kf4 Kg6 58.Nf1 Bb3 59.Ne3 Ba2 60.Ng2 
Bb1 61.Kg4 Bc2 62.Nf4+ Kf7 63.Kf3 Bb3 64.Ke3 Ke7 65.Kd4 Bc4 66.Kc5 Kd7 67.
g6 Ke7 68.g7 Kf7 69.Kd6 Kxg7 70.Nxe6+ Kf7 71.Nd4 Ke8 72.Kc5 1-0

[Event "NIV_Colomiers/Condom2"]
[Site "COLOMIERS"]
[Date "2007.01.21"]
[Round "4.6"]
[White "Rauzieres, Guy"]
[Black "Durbize, Patrick"]
[Result "1/2-1/2"]
[WhiteElo "1740"]
[BlackElo "1910"]
[EventDate "2007.??.??"]
[PlyCount "86"]

1.c4 Nf6 2.Nc3 g6 3.Nf3 Bg7 4.g3 c6 5.Bg2 d5 6.cxd5 cxd5 7.d4 Nc6 8.O-O 
O-O 9.h3 a6 10.Be3 Qb6 11.Na4 Qd8 12.Nc5 Nd7 13.Nd3 Nb6 14.b3 Bf5 15.Kh2 
Rc8 16.Rc1 Bxd3 17.Qxd3 Qd6 18.Rfd1 Qa3 19.Bd2 Rfe8 20.Rc2 e6 21.Rdc1 Bf8 
22.Bc3 Bh6 23.e3 Bf8 24.Nd2 Bb4 25.Nb1 Qa5 26.a3 Bxc3 27.Rxc3 Na7 28.Rc5 
Rxc5 29.Rxc5 Qe1 30.Qf1 Qxf1 31.Bxf1 Rc8 32.b4 Nd7 33.Rxc8+ Nxc8 34.Nd2 
Nd6 35.Kg2 Nb6 36.Kf3 Kg7 37.Bd3 f5 38.Ke2 Kf6 39.Kd1 Nbc4 40.Nxc4 Nxc4 
41.Kc2 b5 42.Kb3 h5 43.a4 Kg5 1/2-1/2

[Event "NIV_Colomiers/Condom2"]
[Site "COLOMIERS"]
[Date "2007.01.21"]
[Round "4.5"]
[White "Alladaye, René"]
[Black "Pagnoncelli, Hervé"]
[Result "0-1"]
[WhiteElo "1910"]
[BlackElo "1770"]
[EventDate "2007.??.??"]
[PlyCount "110"]

1.Nf3 Nf6 2.d3 d5 3.Nbd2 Nc6 4.g3 e5 5.e4 Bc5 6.Bg2 O-O 7.O-O h6 8.h3 Re8 
9.c3 Be6 10.Qe2 Qd7 11.Kh2 Rad8 12.a4 a5 13.Rh1 dxe4 14.dxe4 Qd3 15.Qe1 
Rd7 16.Bf1 Qd6 17.Nc4 Qd1 18.Be3 Qxf3 19.Bxc5 Qxe4 20.Qxe4 Nxe4 21.Be3 
Red8 22.Be2 f6 23.Kg2 Bd5 24.f3 Nd6 25.Nxd6 Rxd6 26.Bc5 R6d7 27.Kf2 Bb3 
28.Rhc1 Rd2 29.Rcb1 Bc4 30.Re1 Rxb2 31.Ke3 Bxe2 32.Rxe2 Rxe2+ 33.Kxe2 Kf7 
34.Be3 h5 35.Ra2 Ne7 36.g4 hxg4 37.hxg4 Nd5 38.Bd2 Ke6 39.Rb2 b6 40.c4 
Nf4+ 41.Bxf4 exf4 42.Rb5 Rd4 43.c5 Rxa4 44.cxb6 cxb6 45.Rxb6+ Kf7 46.Rb7+ 
Kg6 47.Ra7 Ra3 48.Rb7 a4 49.Rb4 Kg5 50.Rb5+ Kh4 51.Rb7 Kh3 52.Kf2 Ra2+ 53.
Ke1 Kg3 54.Rb6 Kxf3 55.Rxf6 Kxg4 0-1

[Event "NIV_Colomiers/Condom2"]
[Site "COLOMIERS"]
[Date "2007.01.21"]
[Round "4.4"]
[White "Aspinall, John"]
[Black "Hantisse, Alain"]
[Result "1-0"]
[WhiteElo "1770"]
[BlackElo "2020"]
[EventDate "2007.??.??"]
[PlyCount "89"]

1.d3 d5 2.Nf3 c5 3.Nbd2 Nf6 4.g3 Nc6 5.Bg2 Bg4 6.O-O e6 7.Re1 Bd6 8.c3 Qc7
9.e4 d4 10.Nc4 Nd7 11.Nxd6+ Qxd6 12.Qc2 O-O 13.Nd2 Rac8 14.f4 Nb6 15.e5 
Qd7 16.Ne4 Ne7 17.Nd6 Rc7 18.c4 a6 19.h3 Bh5 20.g4 Bg6 21.Qe2 Nbc8 22.Ne4 
b5 23.b3 Bxe4 24.Bxe4 Qd8 25.f5 Nc6 26.f6 gxf6 27.Bxc6 Rxc6 28.Qf3 Rb6 29.
exf6 e5 30.Rf1 Nd6 31.Bh6 Re8 32.Rae1 Re6 33.Bd2 Ne8 34.g5 Nxf6 35.gxf6 
Rxf6 36.Qe4 Rg6+ 37.Kh2 f6 38.Ba5 Kf7 39.Bxb6 Qxb6 40.Qxe5 Qd8 41.Qd5+ 
Qxd5 42.cxd5 Rg5 43.d6 Rd5 44.Re7+ Kg6 45.Re6 1-0

[Event "NIV_Colomiers/Condom2"]
[Site "COLOMIERS"]
[Date "2007.01.21"]
[Round "4.3"]
[White "Moiseyev, Vlas"]
[Black "Calatrava, Julian"]
[Result "1-0"]
[WhiteElo "1928"]
[BlackElo "1880"]
[EventDate "2007.??.??"]
[PlyCount "71"]

1.e4 e5 2.Nf3 Nc6 3.Bb5 a6 4.Ba4 Nf6 5.O-O Be7 6.Re1 b5 7.Bb3 O-O 8.c3 d5 
9.exd5 Nxd5 10.Nxe5 Nxe5 11.Rxe5 c6 12.Bxd5 cxd5 13.Qf3 Be6 14.d4 Bd6 15.
Re1 Qd7 16.Bf4 Rae8 17.Nd2 Re7 18.Qg3 Bxf4 19.Qxf4 Rfe8 20.Nf3 f6 21.h4 
Bg4 22.Kf1 Re4 23.Qg3 Bxf3 24.Qxf3 Rxh4 25.Rxe8+ Qxe8 26.Qxd5+ Kf8 27.g3 
Re4 28.Qd6+ Kg8 29.Qxa6 Qh5 30.Kg2 Qd5 31.Kg1 f5 32.a4 b4 33.Qc8+ Kf7 34.
a5 f4 35.a6 fxg3 36.Qb7+ 1-0

[Event "NIV_Colomiers/Condom2"]
[Site "COLOMIERS"]
[Date "2007.01.21"]
[Round "4.2"]
[White "Rauzieres, William"]
[Black "Genestous, Patrick"]
[Result "1-0"]
[WhiteElo "2000"]
[BlackElo "2190"]
[EventDate "2007.??.??"]
[PlyCount "75"]

1.d4 d5 2.c4 c6 3.Nc3 dxc4 4.e3 Be6 5.a4 Nf6 6.Nf3 Nd5 7.Be2 Nxc3 8.bxc3 
Bd5 9.O-O Bxf3 10.Bxf3 Qa5 11.Bd2 Nd7 12.Qe2 Nb6 13.e4 e5 14.dxe5 Bc5 15.
e6 f6 16.Bh5+ g6 17.Bg4 h5 18.Bh3 Rd8 19.Rfd1 Be7 20.Qf3 Rd3 21.Be3 g5 22.
Bf5 Rxc3 23.Qg3 Qe5 24.Qxe5 fxe5 25.a5 Nc8 26.a6 b6 27.Rd7 O-O 28.h4 Rxe3 
29.fxe3 gxh4 30.Rf1 Kg7 31.Rc7 Re8 32.Rd1 Kf6 33.Rxc6 b5 34.Rc7 Nd6 35.
Rxa7 Nxf5 36.exf5 Kxf5 37.Rb7 Bc5 38.Kf2 1-0

[Event "NIV_Colomiers/Condom2"]
[Site "COLOMIERS"]
[Date "2007.01.21"]
[Round "4.1"]
[White "Lejarre, Ludovic"]
[Black "Vitrou, Johnatan"]
[Result "1-0"]
[WhiteElo "2331"]
[BlackElo "2004"]
[EventDate "2007.??.??"]
[PlyCount "43"]

1.e4 e5 2.Nf3 Nf6 3.d4 Nxe4 4.Bd3 d5 5.Nxe5 Bd6 6.O-O O-O 7.Nd2 Nd7 8.Nxe4
dxe4 9.Bxe4 Nxe5 10.dxe5 Bxe5 11.Bxh7+ Kxh7 12.Qh5+ Kg8 13.Qxe5 Re8 14.Qg3
Re2 15.Bf4 Qf6 16.Rfe1 Rxe1+ 17.Rxe1 Bf5 18.c3 c5 19.h4 Rc8 20.h5 Rc6 21.
h6 g6 22.h7+ 1-0

[Event "NIV - Tarbes / CONDOMIII"]
[Site "Tarbes"]
[Date "2007.01.21"]
[Round "4.3"]
[White "Rich, Philippe"]
[Black "Tauziede, Jean-Pierre"]
[Result "1-0"]
[WhiteElo "2045"]
[BlackElo "1660"]
[EventDate "2007.??.??"]
[PlyCount "57"]

1.c4 Nf6 2.Nc3 g6 3.e4 d6 4.d4 Bg7 5.Be2 O-O 6.Bg5 Nbd7 7.Nf3 e5 8.dxe5 
Nxe5 9.Nxe5 dxe5 10.Qxd8 Rxd8 11.Nd5 Rxd5 12.exd5 Ne4 13.Be3 Nd6 14.f3 e4 
15.c5 Nf5 16.Kf2 exf3 17.Bxf3 Bxb2 18.Rab1 Bd4 19.Bxd4 Nxd4 20.Rhd1 Nxf3 
21.gxf3 b6 22.d6 cxd6 23.cxd6 Bf5 24.Rbc1 Rd8 25.Rc7 Rd7 26.Rxd7 Bxd7 27.
Re1 Kf8 28.Re7 Be6 29.Rxa7 1-0

[Event "NIV - Tarbes / CONDOMIII"]
[Site "Tarbes"]
[Date "2007.01.21"]
[Round "4.1"]
[White "Porche, Christian"]
[Black "Tugaye, Francis"]
[Result "0-1"]
[WhiteElo "1700"]
[BlackElo "2098"]
[EventDate "2007.??.??"]
[PlyCount "43"]

1.e4 c5 2.c3 Nf6 3.e5 Nd5 4.d4 cxd4 5.cxd4 e6 6.Nf3 d6 7.Bb5+ Bd7 8.Bxd7+ 
Nxd7 9.O-O Be7 10.Qb3 Qb6 11.Qxb6 N7xb6 12.Bd2 O-O 13.Nc3 Nxc3 14.Bxc3 d5 
15.b3 Rfc8 16.Bb2 Rc2 17.Rab1 Rac8 18.Rfc1 R8c6 19.Ne1 Rxb2 20.Rxc6 Rxb1 
21.Kf1 Rxe1+ 22.Kxe1 0-1

[Event "NIV - Tarbes / CONDOMIII"]
[Site "Tarbes"]
[Date "2007.01.21"]
[Round "4.1"]
[White "Lemoine, Benoit"]
[Black "Beaurain, Louis"]
[Result "1-0"]
[WhiteElo "2132"]
[BlackElo "1940"]
[EventDate "2007.??.??"]
[PlyCount "80"]

1.e4 e6 2.d4 d5 3.Nc3 Nf6 4.Bg5 dxe4 5.Nxe4 Be7 6.Bxf6 gxf6 7.c3 b6 8.Qh5 
Bb7 9.Bb5+ c6 10.Bc4 Qd7 11.O-O-O Na6 12.Ne2 Nc7 13.Bb3 f5 14.N4g3 O-O-O 
15.Kb1 Bd6 16.c4 Qe7 17.Rhe1 Ne8 18.Nc3 Nf6 19.Qh4 Bxg3 20.hxg3 Rd7 21.a4 
Rg8 22.f3 Rg6 23.Bc2 Qf8 24.g4 Rh6 25.Qg5 fxg4 26.fxg4 Ng8 27.Qe5 Ne7 28.
Rh1 Ng6 29.Qf6 Kb8 30.g5 Rxh1 31.Rxh1 Qg8 32.c5 bxc5 33.dxc5 Ba6 34.Rh3 
Bc4 35.Be4 Kc7 36.Kc1 Kb7 37.b4 a6 38.b5 axb5 39.axb5 Bd5 40.Nxd5 Qa8 1-0

[Event "NIV - Tarbes / CONDOMIII"]
[Site "Tarbes"]
[Date "2007.01.21"]
[Round "4"]
[White "Tancogne, Victor"]
[Black "Phalippou, Philippe"]
[Result "0-1"]
[WhiteElo "1290"]
[BlackElo "1690"]
[EventDate "2007.??.??"]
[PlyCount "80"]

1.e4 c5 2.Nf3 Nc6 3.Bc4 Nf6 4.d3 g6 5.Be3 Bg7 6.Bxc5 Qa5+ 7.b4 Nxb4 8.Bxb4
Qxb4+ 9.Nbd2 Ng4 10.Rb1 Qc5 11.O-O a6 12.Nb3 Qc7 13.h3 Ne5 14.Nbd2 Nxc4 
15.Nxc4 b5 16.Ncd2 Bb7 17.a3 O-O 18.Re1 Rac8 19.c4 bxc4 20.dxc4 Bc6 21.a4 
Rb8 22.Rxb8 Rxb8 23.Qc2 Rb2 24.Qd1 Qa5 25.e5 Bxa4 26.Qc1 Rc2 27.Qd1 Bh6 
28.Re2 Rxd2 29.Qe1 Rd1 30.Qxd1 Bxd1 31.Rb2 Bxf3 32.gxf3 Qa1+ 33.Kg2 Qxb2 
34.Kg3 Qxe5+ 35.f4 Qxf4+ 36.Kg2 Bg5 37.h4 Bxh4 38.c5 Qxf2+ 39.Kh1 Bg3 40.
c6 Qf1# 0-1

[Event "NIV - Tarbes / CONDOMIII"]
[Site "Tarbes"]
[Date "2007.01.21"]
[Round "4"]
[White "Schwarz, Klaus"]
[Black "Carassus, Jean-Louis"]
[Result "0-1"]
[WhiteElo "1490"]
[BlackElo "1790"]
[EventDate "2007.??.??"]
[PlyCount "90"]

1.b4 Nf6 2.c4 g6 3.Bb2 Bg7 4.e3 d6 5.Nf3 O-O 6.Be2 e5 7.O-O b6 8.Nc3 Bb7 
9.Qc2 Nc6 10.a3 Ne7 11.d4 Nd7 12.d5 f5 13.Ng5 Qc8 14.Ne6 Rf7 15.Nxg7 Rxg7 
16.f3 Qf8 17.Nb5 Qd8 18.f4 a6 19.Nc3 Rf7 20.fxe5 Nxe5 21.Nd1 Qf8 22.Qc3 h5
23.Nf2 Qh6 24.Bc1 Qg7 25.Bd2 b5 26.cxb5 Nxd5 27.Qd4 axb5 28.Bxb5 Kh7 29.
Nh3 Qf6 30.Bc3 Nxc3 31.Bc4 Nxc4 32.Qxc4 Ne4 33.Rab1 Rxa3 34.Nf4 Rc3 35.Qb5
Bc6 36.Qa5 Qe5 37.Qa2 Rd7 38.Qb2 Kh6 39.Qe2 Bb5 40.Nd3 Qd5 41.Qf3 Rxd3 42.
Qf4+ Kg7 43.Ra1 Rd2 44.Rfe1 Nc3 45.Qg3 Ne2+ 0-1

[Event "NIV - Tarbes / CONDOMIII"]
[Site "Tarbes"]
[Date "2007.01.21"]
[Round "4"]
[White "Lehman, Denis"]
[Black "Tancogne, Arthur"]
[Result "1-0"]
[WhiteElo "1770"]
[BlackElo "1240"]
[EventDate "2007.??.??"]
[PlyCount "59"]

1.e4 e5 2.Nf3 Nc6 3.d4 d6 4.Bc4 Be6 5.d5 Na5 6.dxe6 Nxc4 7.exf7+ Kxf7 8.
Qd5+ Ke8 9.Qxc4 Ne7 10.Nc3 c6 11.Ng5 d5 12.exd5 cxd5 13.Qb3 Rb8 14.O-O h6 
15.Nf3 e4 16.Nd4 Qd6 17.Nce2 Qe5 18.Bf4 Qf6 19.Bxb8 Nf5 20.Qxd5 Nxd4 21.
Nxd4 Qe7 22.Rfe1 g6 23.Rxe4 Rh7 24.Rae1 g5 25.Nf5 b6 26.Bd6 g4 27.Bxe7 
Bxe7 28.Rxe7+ Rxe7 29.Rxe7+ Kf8 30.Qd8# 1-0